Principles of electronics / (Record no. 15467)
[ view plain ]
| 000 -LEADER | |
|---|---|
| fixed length control field | 00329nam a22001337a 4500 |
| 020 ## - INTERNATIONAL STANDARD BOOK NUMBER | |
| ISBN | 978812924504 |
| 082 ## - DEWEY DECIMAL CLASSIFICATION NUMBER | |
| Classification number | 621.381 |
| Item number | MEH/PR |
| 100 ## - MAIN ENTRY--AUTHOR NAME | |
| Personal name | Mehta,V.K. |
| 245 ## - TITLE STATEMENT | |
| Title | Principles of electronics / |
| 250 ## - EDITION STATEMENT | |
| Edition statement | 11th ed. |
| 260 ## - PUBLICATION, DISTRIBUTION, ETC. (IMPRINT) | |
| Place of publication | New delhi ; |
| Name of publisher | S.chand and company , |
| Year of publication | 2016. |
| 700 ## - ADDED ENTRY--PERSONAL NAME | |
| Personal name | Mehta,rohit |
| 942 ## - ADDED ENTRY ELEMENTS (KOHA) | |
| Koha item type | Books |
| Withdrawn status | Lost status | Damaged status | Home library | Current library | Date acquired | Cost, normal purchase price | Full call number | Accession Number | Koha item type |
|---|---|---|---|---|---|---|---|---|---|
| KAUAET | KAUAET | 29/06/2018 | 625.00 | 621.381 MEH/PR | 25601 | Books | |||
| KAUAET | KAUAET | 29/06/2018 | 625.00 | 621.381 MEH/PR | 25602 | Books | |||
| KAUAET | KAUAET | 29/06/2018 | 625.00 | 621.381 MEH/PR | 25603 | Books | |||
| KAUAET | KAUAET | 29/06/2018 | 625.00 | 621.381 MEH/PR | 25604 | Books |
